[Event "AsianNationCup2018"]
[Site "Hamedan"]
[Date "2018.08.01"]
[Round "5.5"]
[White "Adhiban, B."]
[Black "Lu, Shanglei"]
[Result "1/2-1/2"]
[BlackElo "2629"]
[WhiteElo "2671"]
[LiveChessVersion "1.4.8"]

1. e4 {[%clk 1:30:56]} e6 {[%clk 1:30:56]} 2. d4 {[%clk 1:31:22]} d5
{[%clk 1:31:23]} 3. Nd2 {[%clk 1:31:46]} dxe4 {[%clk 1:31:49]} 4. Nxe4
{[%clk 1:32:12]} Nd7 {[%clk 1:32:16]} 5. Nf3 {[%clk 1:32:35]} Ngf6
{[%clk 1:32:43]} 6. Bd3 {[%clk 1:32:59]} c5 {[%clk 1:33:10]} 7. O-O
{[%clk 1:33:14]} Nxe4 {[%clk 1:33:36]} 8. Bxe4 {[%clk 1:33:40]} Nf6
{[%clk 1:34:01]} 9. Bg5 {[%clk 1:34:04]} cxd4 {[%clk 1:34:26]} 10. Qe2
{[%clk 1:34:22]} Be7 {[%clk 1:27:36]} 11. Rad1 {[%clk 1:34:50]} Nxe4
{[%clk 1:24:07]} 12. Rxd4 {[%clk 1:35:18]} Nd6 {[%clk 1:20:09]} 13. Bxe7
{[%clk 1:34:32]} Qxe7 {[%clk 1:16:29]} 14. Rfd1 {[%clk 1:35:00]} O-O
{[%clk 1:15:38]} 15. Rxd6 {[%clk 1:35:28]} f6 {[%clk 1:14:21]} 16. h3
{[%clk 1:35:56]} e5 {[%clk 1:09:14]} 17. Qe4 {[%clk 1:29:04]} Be6
{[%clk 1:07:00]} 18. Nh4 {[%clk 1:27:19]} Rad8 {[%clk 0:41:38]} 19. Rxd8
{[%clk 1:25:19]} Rxd8 {[%clk 0:42:03]} 20. Rxd8+ {[%clk 1:25:42]} Qxd8
{[%clk 0:42:30]} 21. Qxb7 {[%clk 1:25:54]} Qd1+ {[%clk 0:42:37]} 22. Kh2
{[%clk 1:26:23]} Qxc2 {[%clk 0:42:54]} 23. Qa8+ {[%clk 1:25:29]} Qc8
{[%clk 0:41:10]} 24. Qxa7 {[%clk 1:25:27]} Qc4 {[%clk 0:41:38]} 25. Qe7
{[%clk 1:20:11]} h6 {[%clk 0:41:55]} 26. Ng6 {[%clk 1:13:27]} Bf5 27. b3
{[%clk 0:55:48]} Qc2 {[%clk 0:40:42]} 28. Qe8+ {[%clk 0:48:30]} Kh7
{[%clk 0:41:07]} 29. Nf8+ {[%clk 0:48:44]} Kg8 {[%clk 0:41:18]} 30. Ng6+
{[%clk 0:40:41]} Kh7 {[%clk 0:41:34]} 31. Ne7 {[%clk 0:39:18]} Be6
{[%clk 0:42:01]} 32. Qc6 {[%clk 0:39:26]} Qxf2 {[%clk 0:42:21]} 33. Qe4+
{[%clk 0:33:04]} Kh8 {[%clk 0:42:35]} 34. Qa8+ {[%clk 0:33:33]} Kh7
{[%clk 0:42:57]} 35. Qe4+ {[%clk 0:34:00]} Kh8 {[%clk 0:43:22]} 36. Ng6+
{[%clk 0:32:24]} Kg8 {[%clk 0:43:31]} 37. Qc6 {[%clk 0:31:46]} Kf7
{[%clk 0:43:01]} 38. Nh8+ {[%clk 0:32:09]} Kg8 {[%clk 0:43:28]} 39. Ng6
{[%clk 0:31:47]} Kf7 {[%clk 0:43:41]} 40. Nh8+ {[%clk 0:32:02]} Kg8
{[%clk 0:44:05]} 41. Qe8+ {[%clk 0:26:09]} Kh7 {[%clk 0:44:24]} 42. Ng6
{[%clk 0:26:31]} Bd5 {[%clk 0:43:06]} 43. Nf8+ {[%clk 0:26:50]} Kg8
{[%clk 0:43:25]} 44. Ng6+ {[%clk 0:27:04]} Kh7 {[%clk 0:43:49]} 45. Nf8+
{[%clk 0:27:32]} Kg8 {[%clk 0:44:14]} 1/2-1/2

[Event "AsianNationCup2018"]
[Site "Hamedan"]
[Date "2018.08.01"]
[Round "5.6"]
[White "Wen, Yang"]
[Black "Sethuraman, S.P."]
[Result "1/2-1/2"]
[BlackElo "2657"]
[WhiteElo "2599"]
[LiveChessVersion "1.4.8"]

1. e4 d6 2. d4 Nf6 3. Bd3 e5 4. c3 d5 5. dxe5 Nxe4 6. Nf3 Nc6 7. Nbd2 Nc5 8. Bb5
Be7 9. Nb3 O-O 10. h3 Ne4 11. O-O Bf5 12. Be3 a6 13. Bxc6 bxc6 14. Nfd2 a5
{[%clk 0:40:58]} 15. Nxe4 {[%clk 0:53:22]} Bxe4 {[%clk 0:41:23]} 16. Nc5
{[%clk 0:51:49]} Bxc5 {[%clk 0:40:30]} 17. Bxc5 {[%clk 0:52:12]} Re8
{[%clk 0:40:58]} 18. f3 {[%clk 0:50:18]} Bf5 {[%clk 0:41:07]} 19. Qd4
{[%clk 0:50:33]} Qb8 {[%clk 0:39:50]} 20. Rf2 {[%clk 0:45:35]} Qb5
{[%clk 0:40:16]} 21. Re1 {[%clk 0:43:38]} a4 {[%clk 0:38:00]} 22. Bb4
{[%clk 0:42:37]} Qc4 {[%clk 0:37:06]} 23. g4 {[%clk 0:42:03]} Bc8
{[%clk 0:27:14]} 24. f4 {[%clk 0:40:49]} Rb8 {[%clk 0:26:05]} 25. Qxc4
{[%clk 0:38:51]} dxc4 {[%clk 0:26:30]} 26. f5 {[%clk 0:39:14]} Rb5
{[%clk 0:21:44]} 27. Rf4 {[%clk 0:30:27]} Rbxe5 {[%clk 0:20:39]} 28. Rxe5
{[%clk 0:30:48]} Rxe5 {[%clk 0:21:06]} 1/2-1/2

[Event "AsianNationCup2018"]
[Site "Hamedan"]
[Date "2018.08.01"]
[Round "5.7"]
[White "Ganguly, Surya Shekhar"]
[Black "Zhou, Jianchao"]
[Result "1/2-1/2"]
[BlackElo "2621"]
[WhiteElo "2652"]
[LiveChessVersion "1.4.8"]

1. e4 {[%clk 1:30:55]} e5 {[%clk 1:30:54]} 2. Nf3 {[%clk 1:31:12]} Nc6
{[%clk 1:31:22]} 3. Bc4 {[%clk 1:31:23]} Bc5 {[%clk 1:31:49]} 4. c3
{[%clk 1:31:37]} Nf6 {[%clk 1:32:11]} 5. d3 {[%clk 1:32:02]} d6 {[%clk 1:32:29]}
6. a4 {[%clk 1:32:23]} a5 {[%clk 1:32:43]} 7. Bg5 {[%clk 1:32:25]} Bb6
{[%clk 1:10:20]} 8. Nbd2 {[%clk 1:30:13]} Ne7 {[%clk 1:08:22]} 9. Bxf6
{[%clk 1:05:58]} gxf6 {[%clk 1:07:36]} 10. Nh4 {[%clk 1:06:09]} h5
{[%clk 1:06:31]} 11. Qf3 {[%clk 1:00:04]} Rh6 {[%clk 1:03:22]} 12. Nf1
{[%clk 0:56:19]} Be6 {[%clk 0:54:41]} 13. Bxe6 {[%clk 0:46:45]} fxe6
{[%clk 0:55:05]} 14. Ng3 Kd7 {[%clk 0:52:03]} 15. Ne2 {[%clk 0:23:31]} Qg8
{[%clk 0:45:46]} 16. g3 {[%clk 0:21:31]} Rf8 {[%clk 0:34:21]} 17. d4
{[%clk 0:20:43]} Kc8 {[%clk 0:27:09]} 18. O-O-O {[%clk 0:18:50]} f5
{[%clk 0:25:06]} 19. dxe5 {[%clk 0:18:42]} fxe4 {[%clk 0:24:16]} 20. Qxe4 d5 21.
Qd3 Rxf2 22. Nf4 Qe8 23. b3 Nc6 24. Nhg6 Ne7 25. Nh4 1/2-1/2

[Event "AsianNationCup2018"]
[Site "Hamedan"]
[Date "2018.08.01"]
[Round "5.8"]
[White "Bai, Jinshi"]
[Black "Gupta, Abhijeet"]
[Result "1/2-1/2"]
[BlackElo "2614"]
[WhiteElo "2588"]
[LiveChessVersion "1.4.8"]

1. Nf3 {[%clk 1:30:49]} Nf6 {[%clk 1:30:55]} 2. c4 {[%clk 1:31:03]} g6
{[%clk 1:31:20]} 3. Nc3 {[%clk 1:31:28]} d5 {[%clk 1:31:47]} 4. cxd5
{[%clk 1:31:52]} Nxd5 {[%clk 1:32:13]} 5. e4 {[%clk 1:32:07]} Nxc3
{[%clk 1:32:33]} 6. dxc3 {[%clk 1:32:31]} Qxd1+ {[%clk 1:32:58]} 7. Kxd1
{[%clk 1:32:57]} f6 {[%clk 1:28:38]} 8. h4 {[%clk 1:32:52]} e5 {[%clk 1:29:03]}
9. h5 {[%clk 1:33:02]} g5 {[%clk 1:29:28]} 10. Be3 {[%clk 1:32:30]} Nd7
{[%clk 1:29:53]} 11. Nh2 {[%clk 1:32:41]} Nc5 {[%clk 1:28:52]} 12. f3
{[%clk 1:33:03]} a5 {[%clk 1:28:25]} 13. Bc4 {[%clk 1:26:08]} Bd7
{[%clk 1:28:45]} 14. Kc2 {[%clk 1:25:46]} Bd6 {[%clk 1:22:38]} 15. Rhd1
{[%clk 1:07:15]} Ke7 {[%clk 1:22:27]} 16. Nf1 {[%clk 1:03:06]} g4
{[%clk 1:13:53]} 17. Ng3 {[%clk 0:53:11]} Rad8 {[%clk 1:06:14]} 18. Nf5+
{[%clk 0:49:26]} Bxf5 {[%clk 1:06:32]} 19. exf5 {[%clk 0:49:51]} g3 20. Rh1
{[%clk 0:42:41]} Kd7 {[%clk 0:53:24]} 21. Rh3 {[%clk 0:35:24]} e4
{[%clk 0:52:23]} 22. Rd1 {[%clk 0:30:07]} Nd3 {[%clk 0:41:47]} 23. Bxd3
{[%clk 0:28:35]} exd3+ {[%clk 0:42:12]} 24. Rxd3 {[%clk 0:29:02]} Rde8
{[%clk 0:38:42]} 25. f4 {[%clk 0:21:21]} Rhg8 {[%clk 0:38:34]} 26. Kd1
{[%clk 0:21:23]} Kc6 27. Bd2 Rg4 28. Rdxg3 Reg8 29. Rxg4 Rxg4 30. g3 Kd5 31. Be1
Ke4 32. Rh2 Rg8 33. Rd2 Kxf5 34. Rd5+ Kg4 35. Rxa5 f5 36. Ke2 c6 37. Bf2 Re8+ 38.
Kd1 Rf8 39. Ke2 Re8+ 40. Kd1 Rf8 41. Ra7 Rf7 42. Ra8 Rd7 43. Kc2 Kf3 44. Be1 Re7
45. Kd1 Rd7 46. Kc2 Re7 47. Kd1 1/2-1/2

[Event "AsianNationCup2018"]
[Site "Hamedan"]
[Date "2018.08.01"]
[Round "5.9"]
[White "Yakubboev, Nodirbek"]
[Black "Ghaem Maghami, Ehsan"]
[Result "1/2-1/2"]
[BlackElo "2537"]
[WhiteElo "2512"]
[LiveChessVersion "1.4.8"]

1. d4 {[%clk 1:30:54]} d5 {[%clk 1:30:49]} 2. c4 {[%clk 1:29:23]} dxc4
{[%clk 1:31:06]} 3. e4 {[%clk 1:26:17]} e5 {[%clk 1:31:23]} 4. Nf3
{[%clk 1:23:56]} exd4 {[%clk 1:31:32]} 5. Bxc4 {[%clk 1:22:57]} Nc6
{[%clk 1:31:50]} 6. O-O {[%clk 1:20:10]} Be6 {[%clk 1:32:08]} 7. Bxe6
{[%clk 1:09:17]} fxe6 {[%clk 1:32:21]} 8. Qb3 {[%clk 1:09:46]} Qd7
{[%clk 1:32:04]} 9. Qxb7 {[%clk 1:08:47]} Rb8 {[%clk 1:32:25]} 10. Qa6
{[%clk 1:09:12]} Bd6 {[%clk 1:26:51]} 11. Nbd2 {[%clk 1:03:58]} e5
{[%clk 1:16:42]} 12. Qe2 {[%clk 1:00:16]} Nf6 {[%clk 1:13:20]} 13. Nc4
{[%clk 0:56:49]} O-O {[%clk 1:09:25]} 14. Bd2 {[%clk 0:55:34]} Qe8
{[%clk 0:44:20]} 15. Rac1 {[%clk 0:53:07]} Nd8 {[%clk 0:44:35]} 16. Ne1
{[%clk 0:43:56]} Qa4 {[%clk 0:42:11]} 17. Nd3 {[%clk 0:37:50]} Nf7
{[%clk 0:40:22]} 18. a3 {[%clk 0:34:54]} Nd7 {[%clk 0:39:55]} 19. b4
{[%clk 0:33:46]} Qb5 {[%clk 0:37:53]} 20. f3 {[%clk 0:24:06]} Rfc8
{[%clk 0:31:04]} 21. Qd1 {[%clk 0:22:39]} Nb6 {[%clk 0:29:35]} 22. Qb3
{[%clk 0:22:01]} Nxc4 {[%clk 0:28:00]} 23. Rxc4 {[%clk 0:19:36]} Qe8
{[%clk 0:27:41]} 24. Qc2 {[%clk 0:17:28]} Nh8 {[%clk 0:23:56]} 25. a4
{[%clk 0:16:33]} Nf7 {[%clk 0:17:37]} 26. Rc1 {[%clk 0:13:44]} Rb6
{[%clk 0:16:35]} 27. Rc6 {[%clk 0:09:54]} Ra8 {[%clk 0:13:41]} 28. Qc4
{[%clk 0:08:57]} Rxc6 {[%clk 0:11:37]} 29. Qxc6 {[%clk 0:09:26]} Qxc6
{[%clk 0:11:58]} 30. Rxc6 {[%clk 0:09:54]} a6 {[%clk 0:10:27]} 31. Nc5
{[%clk 0:06:53]} Ra7 {[%clk 0:10:48]} 32. Ne6 {[%clk 0:06:11]} Ra8
{[%clk 0:07:40]} 33. Kf1 {[%clk 0:04:21]} h6 {[%clk 0:08:09]} 34. Nc5
{[%clk 0:03:00]} Ra7 {[%clk 0:06:30]} 35. Ne6 {[%clk 0:03:27]} Ra8
{[%clk 0:06:55]} 36. Nc5 {[%clk 0:01:44]} Ra7 {[%clk 0:06:05]} 37. Nb3
{[%clk 0:00:46]} Kf8 {[%clk 0:05:47]} 38. Ke2 {[%clk 0:00:48]} Ke7
{[%clk 0:05:35]} 39. Kd3 {[%clk 0:01:08]} Nd8 {[%clk 0:02:54]} 40. Rc1
{[%clk 0:00:56]} 1/2-1/2

[Event "AsianNationCup2018"]
[Site "Hamedan"]
[Date "2018.08.01"]
[Round "5.10"]
[White "Pourramezanali, Amirreza"]
[Black "Sindarov, Javokhir"]
[Result "1-0"]
[BlackElo "2474"]
[WhiteElo "2537"]
[LiveChessVersion "1.4.8"]

1. e4 {[%clk 1:30:57]} e5 {[%clk 1:30:50]} 2. Nf3 {[%clk 1:31:21]} Nc6
{[%clk 1:31:17]} 3. Bb5 {[%clk 1:31:43]} a6 {[%clk 1:31:36]} 4. Ba4
{[%clk 1:32:07]} Nf6 {[%clk 1:31:57]} 5. O-O {[%clk 1:32:30]} Be7
{[%clk 1:32:20]} 6. d3 {[%clk 1:32:48]} d6 {[%clk 1:32:24]} 7. c3
{[%clk 1:32:55]} O-O {[%clk 1:31:11]} 8. Re1 {[%clk 1:32:58]} Re8
{[%clk 1:27:18]} 9. Nbd2 {[%clk 1:25:19]} Bf8 {[%clk 1:18:15]} 10. h3
{[%clk 1:22:43]} b5 {[%clk 1:10:14]} 11. Bc2 {[%clk 1:19:47]} h6 {[%clk 1:09:11]}
12. d4 {[%clk 1:12:51]} exd4 {[%clk 1:02:25]} 13. cxd4 {[%clk 1:13:02]} Bb7
{[%clk 1:02:52]} 14. b3 {[%clk 1:08:24]} Nb4 {[%clk 0:41:32]} 15. Bb1
{[%clk 1:08:08]} g6 {[%clk 0:40:10]} 16. Bb2 {[%clk 1:06:13]} Bg7 17. a3
{[%clk 0:53:50]} Nc6 {[%clk 0:38:59]} 18. Bd3 {[%clk 0:54:09]} Nd7
{[%clk 0:35:25]} 19. Qc2 {[%clk 0:51:34]} Rc8 {[%clk 0:31:24]} 20. Rad1
{[%clk 0:50:51]} Qe7 {[%clk 0:25:57]} 21. Qb1 {[%clk 0:36:08]} Nb6
{[%clk 0:23:24]} 22. Rc1 {[%clk 0:31:34]} Nd8 {[%clk 0:21:52]} 23. d5
{[%clk 0:30:23]} c6 {[%clk 0:15:07]} 24. e5 {[%clk 0:28:29]} dxe5
{[%clk 0:06:23]} 25. Bxe5 {[%clk 0:27:31]} Qxa3 {[%clk 0:05:28]} 26. Bxg6
{[%clk 0:25:43]} Bxe5 {[%clk 0:03:36]} 27. Nxe5 {[%clk 0:25:30]} Kg7
{[%clk 0:02:39]} 28. Bxf7 {[%clk 0:25:48]} Rxe5 {[%clk 0:01:30]} 29. Qg6+
{[%clk 0:26:09]} Kf8 {[%clk 0:01:56]} 30. Qg8+ {[%clk 0:26:32]} Ke7
{[%clk 0:02:22]} 31. Rxe5+ {[%clk 0:23:52]} 1-0

[Event "AsianNationCup2018"]
[Site "Hamedan"]
[Date "2018.08.01"]
[Round "5.11"]
[White "Abdisalimov, Abdimalik"]
[Black "Darini, Pouria"]
[Result "0-1"]
[BlackElo "2463"]
[WhiteElo "2331"]
[LiveChessVersion "1.4.8"]

1. c4 e5 {[%clk 1:30:43]} 2. Nc3 {[%clk 1:28:12]} Bb4 {[%clk 1:30:43]} 3. g3
{[%clk 1:28:30]} Bxc3 {[%clk 1:30:42]} 4. bxc3 {[%clk 1:29:21]} d6
{[%clk 1:30:44]} 5. Bg2 {[%clk 1:29:01]} Nc6 {[%clk 1:29:59]} 6. Nh3
{[%clk 1:27:04]} Nge7 {[%clk 1:13:14]} 7. d3 {[%clk 1:27:22]} O-O
{[%clk 1:00:59]} 8. O-O {[%clk 1:26:58]} Bd7 {[%clk 0:55:54]} 9. f4 Qc8 10. Nf2
{[%clk 1:25:47]} Kh8 {[%clk 0:50:49]} 11. Ba3 {[%clk 1:22:30]} exf4
{[%clk 0:46:36]} 12. gxf4 {[%clk 1:18:02]} Nf5 {[%clk 0:46:52]} 13. Qd2
{[%clk 1:17:13]} Nh4 {[%clk 0:47:20]} 14. Bh1 {[%clk 1:16:00]} Bh3
{[%clk 0:41:08]} 15. Rfb1 Be6 {[%clk 0:23:02]} 16. Rb5 {[%clk 0:59:02]} f5
{[%clk 0:20:43]} 17. Qe3 {[%clk 0:47:00]} Bd7 {[%clk 0:20:12]} 18. Qg3
{[%clk 0:46:01]} Ng6 {[%clk 0:16:40]} 19. Rb2 {[%clk 0:31:25]} b6
{[%clk 0:14:14]} 20. h4 {[%clk 0:30:25]} Nge7 {[%clk 0:14:39]} 21. h5
{[%clk 0:30:04]} Rf6 {[%clk 0:08:58]} 22. Bf3 {[%clk 0:30:05]} Qf8
{[%clk 0:08:39]} 23. Kg2 {[%clk 0:28:28]} Re8 {[%clk 0:07:48]} 24. Rd2
{[%clk 0:16:08]} Nd8 25. c5 dxc5 26. c4 Bc6 27. Bb2 Rh6 28. Rg1 Ne6 29. Kf1 Bxf3
30. Qxf3 Qf7 31. Rh1 Ng8 32. Rh4 Nf6 33. Qh3 Kg8 34. Nh1 Ng4 35. e3 Nd8 36. Re2
Nc6 37. e4 Nd4 38. Rg2 b5 39. cxb5 Qxa2 40. Bxd4 Qb1+ 41. Ke2 Qc2+ 42. Ke1 Qc1+
43. Ke2 cxd4 44. Rhxg4 fxg4 45. Qxg4 Qe3+ 46. Kf1 Qc1+ 47. Ke2 Qe3+ 48. Kf1 Re7
49. Ng3 Rf6 50. Nf5 Qxd3+ 51. Kg1 Qxe4 52. Nxe7+ Qxe7 53. Re2 Rxf4 54. Qg2 Qd7
55. Qb7 Qg4+ 56. Rg2 Qd1+ 57. Kh2 Qxh5+ 58. Kg1 Qd1+ 0-1

[Event "AsianNationCup2018"]
[Site "Hamedan"]
[Date "2018.08.01"]
[Round "5.12"]
[White "Mousavi, Seyed Khalil"]
[Black "Iuldachev, Saidali"]
[Result "1-0"]
[BlackElo "2456"]
[WhiteElo "2447"]
[LiveChessVersion "1.4.8"]

1. d4 {[%clk 1:30:51]} Nf6 {[%clk 1:30:52]} 2. Bf4 {[%clk 1:30:56]} e6
{[%clk 1:30:27]} 3. Nf3 {[%clk 1:30:37]} c5 {[%clk 1:30:38]} 4. e3
{[%clk 1:28:59]} Nc6 {[%clk 1:30:02]} 5. c3 {[%clk 1:27:59]} d5 {[%clk 1:30:04]}
6. Nbd2 {[%clk 1:27:59]} Bd6 {[%clk 1:30:09]} 7. Bg3 {[%clk 1:28:02]} O-O
{[%clk 1:30:10]} 8. Bd3 {[%clk 1:27:52]} b6 {[%clk 1:27:54]} 9. Ne5
{[%clk 1:27:21]} Bb7 {[%clk 1:27:20]} 10. f4 {[%clk 1:25:53]} Ne7
{[%clk 1:27:24]} 11. Qf3 {[%clk 1:19:25]} Nf5 {[%clk 1:25:58]} 12. Bf2
{[%clk 1:18:41]} cxd4 {[%clk 1:25:29]} 13. exd4 {[%clk 1:17:28]} Be7
{[%clk 1:25:51]} 14. Ng4 {[%clk 1:08:39]} Nxg4 {[%clk 1:22:56]} 15. Qxg4
{[%clk 1:09:04]} Nd6 {[%clk 1:23:15]} 16. Qe2 {[%clk 1:08:35]} Re8
{[%clk 0:59:20]} 17. O-O {[%clk 1:07:52]} Bf8 {[%clk 0:57:45]} 18. Nf3
{[%clk 1:05:56]} f6 {[%clk 0:52:35]} 19. Qc2 {[%clk 1:05:12]} f5 {[%clk 0:51:16]}
20. a4 {[%clk 1:04:15]} Qc7 {[%clk 0:48:08]} 21. Ne5 a6 {[%clk 0:47:24]} 22. Qe2
{[%clk 0:57:59]} Ne4 {[%clk 0:43:03]} 23. Be3 {[%clk 0:56:57]} Bd6
{[%clk 0:42:00]} 24. Rfc1 {[%clk 0:54:26]} Qe7 {[%clk 0:41:20]} 25. Rc2
{[%clk 0:52:41]} Rec8 {[%clk 0:41:27]} 26. Rac1 {[%clk 0:48:34]} Qe8
{[%clk 0:40:12]} 27. b3 {[%clk 0:43:10]} Qe7 {[%clk 0:39:22]} 28. c4
{[%clk 0:35:21]} Ba3 {[%clk 0:39:03]} 29. Ra1 {[%clk 0:33:04]} Bb4
{[%clk 0:39:25]} 30. Rac1 {[%clk 0:28:12]} Ba3 {[%clk 0:39:38]} 31. Rd1
{[%clk 0:26:45]} a5 {[%clk 0:37:04]} 32. Bc1 {[%clk 0:25:04]} Bd6
{[%clk 0:31:51]} 33. Bb2 {[%clk 0:23:01]} Rc7 {[%clk 0:27:19]} 34. Rdc1
{[%clk 0:18:45]} Rac8 {[%clk 0:27:36]} 35. cxd5 {[%clk 0:13:57]} Bxd5
{[%clk 0:24:20]} 36. Bc4 {[%clk 0:09:35]} Bxe5 {[%clk 0:18:42]} 37. fxe5
{[%clk 0:07:09]} Qg5 {[%clk 0:14:31]} 38. Qe1 {[%clk 0:05:18]} h5
{[%clk 0:11:42]} 39. Ba3 {[%clk 0:04:27]} h4 {[%clk 0:11:10]} 40. h3
{[%clk 0:04:18]} Rc6 {[%clk 0:02:37]} 41. Qe2 {[%clk 0:03:28]} Kh7
{[%clk 0:22:54]} 42. Bb2 {[%clk 0:28:13]} g6 {[%clk 0:22:55]} 43. Qd3
{[%clk 0:24:09]} Ng3 {[%clk 0:10:15]} 44. Bxd5 {[%clk 0:20:09]} Rxc2
{[%clk 0:10:27]} 45. Rxc2 {[%clk 0:20:33]} Rxc2 {[%clk 0:10:48]} 46. Qxc2
{[%clk 0:20:56]} exd5 {[%clk 0:11:03]} 47. Kh2 {[%clk 0:16:19]} Nf1+
{[%clk 0:10:26]} 48. Kg1 {[%clk 0:14:39]} Ng3 {[%clk 0:09:57]} 49. Kh2
{[%clk 0:14:50]} Nf1+ {[%clk 0:04:51]} 50. Kg1 {[%clk 0:15:15]} Ne3
{[%clk 0:04:28]} 51. Qe2 {[%clk 0:14:13]} f4 {[%clk 0:04:52]} 52. Bc1
{[%clk 0:13:15]} Nf5 {[%clk 0:05:09]} 53. Qf2 {[%clk 0:11:03]} Qh5
{[%clk 0:03:26]} 54. Qc2 {[%clk 0:09:37]} f3 {[%clk 0:02:20]} 55. e6
{[%clk 0:08:35]} fxg2 {[%clk 0:02:25]} 56. Kxg2 {[%clk 0:08:46]} Ng7
{[%clk 0:00:41]} 57. e7 {[%clk 0:08:35]} Ne8 {[%clk 0:00:52]} 58. Qf2
{[%clk 0:07:29]} g5 {[%clk 0:01:03]} 59. Qf5+ {[%clk 0:05:58]} Kh6
{[%clk 0:01:17]} 60. Qe5 {[%clk 0:04:43]} Kg6 {[%clk 0:01:11]} 61. Kf2
{[%clk 0:04:42]} Qh7 {[%clk 0:00:34]} 62. Qxg5+ {[%clk 0:04:42]} Kf7
{[%clk 0:01:04]} 63. Qxd5+ {[%clk 0:05:05]} 1-0

[Event "AsianNationCup2018"]
[Site "Hamedan"]
[Date "2018.08.01"]
[Round "5.13"]
[White "Gholami, Aryan"]
[Black "Jumabayev, Rinat"]
[Result "0-1"]
[BlackElo "2594"]
[WhiteElo "2492"]
[LiveChessVersion "1.4.8"]

1. e4 {[%clk 1:30:55]} c5 {[%clk 1:30:19]} 2. Nf3 {[%clk 1:31:17]} d6
{[%clk 1:30:28]} 3. c3 {[%clk 1:31:32]} Nf6 {[%clk 1:30:53]} 4. Be2
{[%clk 1:31:50]} Nbd7 {[%clk 1:30:51]} 5. d3 {[%clk 1:31:07]} b6 {[%clk 1:10:12]}
6. O-O {[%clk 1:30:42]} Bb7 {[%clk 1:10:41]} 7. Re1 {[%clk 1:30:31]} e5
{[%clk 1:09:55]} 8. Nbd2 {[%clk 1:28:48]} Be7 {[%clk 1:10:18]} 9. d4
{[%clk 1:26:51]} cxd4 {[%clk 1:03:30]} 10. cxd4 {[%clk 1:27:13]} exd4
{[%clk 1:02:51]} 11. Nxd4 {[%clk 1:26:20]} O-O {[%clk 1:03:14]} 12. Nf5
{[%clk 1:19:59]} Re8 {[%clk 0:59:55]} 13. Bb5 {[%clk 1:02:49]} Bf8
{[%clk 0:55:21]} 14. Nc4 {[%clk 1:02:44]} Nxe4 {[%clk 0:52:52]} 15. Qg4
{[%clk 0:59:48]} Re6 {[%clk 0:51:53]} 16. Nd4 Qf6 {[%clk 0:44:37]} 17. Be3
{[%clk 0:51:01]} Ne5 {[%clk 0:42:09]} 18. Nxe5 {[%clk 0:46:36]} Rxe5
{[%clk 0:42:32]} 19. Rac1 {[%clk 0:42:20]} Rg5 {[%clk 0:33:36]} 20. Qf4
{[%clk 0:38:43]} Qg6 {[%clk 0:26:50]} 21. g3 {[%clk 0:39:01]} Rc5
{[%clk 0:19:05]} 22. Bc6 {[%clk 0:34:21]} Ng5 {[%clk 0:15:32]} 23. Qg4
{[%clk 0:29:34]} Bxc6 {[%clk 0:12:36]} 24. Nxc6 {[%clk 0:30:01]} h5
{[%clk 0:12:37]} 25. Qe2 {[%clk 0:28:44]} Re8 {[%clk 0:10:18]} 26. h4
{[%clk 0:29:02]} Rxc1 {[%clk 0:08:52]} 27. Rxc1 {[%clk 0:29:21]} Ne4
{[%clk 0:09:15]} 28. Qf3 {[%clk 0:27:42]} d5 {[%clk 0:09:44]} 29. b4
{[%clk 0:27:18]} Re6 {[%clk 0:09:21]} 30. b5 {[%clk 0:27:02]} Ba3
{[%clk 0:07:29]} 31. Re1 {[%clk 0:25:03]} Rf6 {[%clk 0:03:07]} 32. Qg2
{[%clk 0:24:53]} a6 {[%clk 0:01:13]} 33. Bd4 {[%clk 0:08:10]} axb5
{[%clk 0:01:39]} 34. Bxf6 {[%clk 0:07:20]} Qxf6 {[%clk 0:02:07]} 35. Na7
{[%clk 0:07:49]} Bc5 {[%clk 0:02:15]} 36. Re2 {[%clk 0:08:12]} b4
{[%clk 0:01:55]} 37. Rc2 {[%clk 0:07:06]} b3 {[%clk 0:01:17]} 38. axb3
{[%clk 0:06:34]} Qa1+ {[%clk 0:01:43]} 39. Kh2 {[%clk 0:06:44]} Qxa7
{[%clk 0:02:00]} 40. Qf3 {[%clk 0:07:03]} g6 {[%clk 0:02:13]} 41. Qf4
{[%clk 0:06:56]} Qe7 {[%clk 0:02:10]} 42. b4 {[%clk 0:07:05]} Bd6
{[%clk 0:01:13]} 43. Qe3 {[%clk 0:05:47]} Qxh4+ {[%clk 0:28:18]} 44. Kg2
{[%clk 0:36:00]} Qd8 {[%clk 0:28:41]} 45. Qd4 {[%clk 0:36:17]} Bf8
{[%clk 0:28:53]} 46. Rc6 {[%clk 0:36:23]} b5 {[%clk 0:29:11]} 47. f3
{[%clk 0:36:32]} Ng5 {[%clk 0:28:48]} 48. Qd3 {[%clk 0:34:23]} Qd7
{[%clk 0:28:22]} 49. Qxb5 {[%clk 0:34:27]} Qh3+ {[%clk 0:28:32]} 50. Kf2
{[%clk 0:34:51]} Qh2+ {[%clk 0:28:52]} 51. Ke3 {[%clk 0:35:14]} Qg1+
{[%clk 0:29:03]} 52. Kf4 {[%clk 0:34:50]} Qd4+ {[%clk 0:29:18]} 0-1

[Event "AsianNationCup2018"]
[Site "Hamedan"]
[Date "2018.08.01"]
[Round "5.15"]
[White "Javanbakht, Nima"]
[Black "Kazhgaleyev, Murtas"]
[Result "1/2-1/2"]
[BlackElo "2575"]
[WhiteElo "2439"]
[LiveChessVersion "1.4.8"]

1. d4 Nf6 2. c4 e6 3. Nf3 Bb4+ 4. Bd2 a5 5. g3 c5 6. Bg2 cxd4 7. Nxd4 Nc6 8. Nb5
O-O 9. O-O d5 10. cxd5 Nxd5 11. N1c3 Qb6 12. Bxd5 exd5 13. Be3 d4 14. Nxd4 Bxc3
15. bxc3 Ne5 16. Qb3 Qg6 17. f3 Re8 18. Bf2 Bh3 19. Rfd1 Re7 20. c4 h5
{[%clk 0:27:40]} 21. c5 {[%clk 0:15:36]} Rae8 {[%clk 0:22:20]} 22. Rd2
{[%clk 0:15:28]} h4 {[%clk 0:20:41]} 23. Rad1 Rd7 1/2-1/2

[Event "AsianNationCup2018"]
[Site "Hamedan"]
[Date "2018.08.02"]
[Round "6.1"]
[White "Maghsoodloo, Parham"]
[Black "Ghaem Maghami, Ehsan"]
[Result "1/2-1/2"]
[BlackElo "2537"]
[WhiteElo "2636"]
[LiveChessVersion "1.4.8"]

1. e4 {[%clk 1:30:44]} c5 {[%clk 1:29:37]} 2. Na3 {[%clk 1:30:25]} e6
{[%clk 1:29:20]} 3. Nf3 {[%clk 1:30:41]} a6 {[%clk 1:29:24]} 4. g3
{[%clk 1:29:16]} b5 {[%clk 1:29:31]} 5. Bg2 {[%clk 1:29:39]} Bb7 {[%clk 1:29:44]}
6. d3 {[%clk 1:29:56]} d6 {[%clk 1:28:39]} 7. O-O {[%clk 1:30:15]} Be7
{[%clk 1:28:22]} 8. c4 {[%clk 1:28:27]} b4 {[%clk 1:28:26]} 9. Nc2
{[%clk 1:28:51]} Nd7 {[%clk 1:26:30]} 10. Qe2 {[%clk 1:27:49]} Ngf6
{[%clk 1:26:43]} 11. b3 {[%clk 1:28:10]} O-O {[%clk 1:26:33]} 12. Bb2
{[%clk 1:28:20]} a5 {[%clk 1:26:27]} 13. a4 {[%clk 1:28:46]} Ne8 {[%clk 1:21:55]}
14. d4 {[%clk 1:28:50]} cxd4 {[%clk 1:21:47]} 1/2-1/2